000 00565nam a22001217a 4500
008 110627t xxu||||| |||| 00| 0 eng d
010 _aHCCS F91
245 _aThe High Court Civil Suit No. 499/1991 M/s Millstone Ltd Vs M/s Fourways Investments Ltd and M/s Farm Inputs (U) Ltd.
260 _c1991
500 _aBefore: The Honourable Mr. Justice M.K. Kalanda.
999 _c4055
_d4055